| 000 | 00397nam a2200121Ia 4500 | ||
|---|---|---|---|
| 008 | 220615s9999||||xx |||||||||||||| ||und|| | ||
| 100 | _aIyad Karamé | ||
| 245 | 0 | _aHydrogenation | |
| 546 | _aEnglish[eng] | ||
| 650 | _aPhysical Sciences||Engineering and Technology||Chemistry||Environmental Chemistry||Organic Chemistry | ||
| 856 | _uhttps://www.intechopen.com/books/hydrogenation | ||
| 942 | _cEB | ||
| 999 |
_c18423 _d18423 |
||